<?xml version="1.0" encoding="UTF-8"?>
<record
    xmlns:xsi="http://www.w3.org/2001/XMLSchema-instance"
    xsi:schemaLocation="http://www.loc.gov/MARC21/slim http://www.loc.gov/standards/marcxml/schema/MARC21slim.xsd"
    xmlns="http://www.loc.gov/MARC21/slim">

  <leader>02756nam a22002177a 4500</leader>
  <controlfield tag="003">OSt</controlfield>
  <controlfield tag="005">20260413112449.0</controlfield>
  <controlfield tag="008">260413b        |||||||| |||| 00| 0 eng d</controlfield>
  <datafield tag="020" ind1=" " ind2=" ">
    <subfield code="a">9781107684553</subfield>
  </datafield>
  <datafield tag="082" ind1=" " ind2=" ">
    <subfield code="2">9781107684553</subfield>
    <subfield code="a">9781107684553</subfield>
  </datafield>
  <datafield tag="100" ind1=" " ind2=" ">
    <subfield code="a">Michael McCarthy</subfield>
    <subfield code="d"> Jeanne McCarten y Helen Sandiford.</subfield>
  </datafield>
  <datafield tag="245" ind1=" " ind2=" ">
    <subfield code="a">Touchstone Level 3 Student's Book with Online Workbook</subfield>
  </datafield>
  <datafield tag="250" ind1=" " ind2=" ">
    <subfield code="a">2 edici&#xF3;n</subfield>
  </datafield>
  <datafield tag="260" ind1=" " ind2=" ">
    <subfield code="a"> Cambridge, Reino Unido</subfield>
    <subfield code="b">Cambridge University Press.</subfield>
    <subfield code="c"> 2014</subfield>
  </datafield>
  <datafield tag="300" ind1=" " ind2=" ">
    <subfield code="a">160 p&#xE1;ginas.</subfield>
    <subfield code="b">Online Workbook</subfield>
    <subfield code="c"> 27,6 x 21,6 cm.</subfield>
  </datafield>
  <datafield tag="490" ind1=" " ind2=" ">
    <subfield code="3">acabado plastificado mate o semibrillante.</subfield>
  </datafield>
  <datafield tag="520" ind1=" " ind2=" ">
    <subfield code="a">El objetivo principal de Touchstone Level 3 Student's Book es desarrollar en el estudiante una competencia comunicativa real y natural en el idioma ingl&#xE9;s. A diferencia de otros m&#xE9;todos tradicionales, este libro de Cambridge University Press se basa en investigaciones del Cambridge English Corpus, una base de datos de lenguaje real que permite ense&#xF1;ar las palabras y estructuras que los hablantes nativos utilizan verdaderamente en su d&#xED;a a d&#xED;a.
Un segundo prop&#xF3;sito fundamental es el desarrollo de la estrategia de conversaci&#xF3;n. El libro no solo ense&#xF1;a gram&#xE1;tica, sino que entrena al alumno en t&#xE9;cnicas espec&#xED;ficas para mantener una charla fluida, como el uso de muletillas naturales, formas de reaccionar a lo que otros dicen y estrategias para no dejar morir una conversaci&#xF3;n, lo cual es esencial para alcanzar un nivel intermedio de confianza.
El tercer objetivo se centra en la personalizaci&#xF3;n del aprendizaje. Cada unidad est&#xE1; dise&#xF1;ada para que el estudiante relacione los temas (como planes de viaje, an&#xE9;cdotas o estilos de vida) con su propia experiencia. Esto busca que el idioma no sea algo abstracto, sino una herramienta pr&#xE1;ctica que el alumno pueda usar inmediatamente para hablar de s&#xED; mismo y de su entorno con precisi&#xF3;n.
En cuarto lugar, el libro integra el uso de la tecnolog&#xED;a a trav&#xE9;s de su componente Online Workbook. El objetivo aqu&#xED; es fomentar la autonom&#xED;a del estudiante, permiti&#xE9;ndole practicar de forma interactiva fuera del aula. Esto refuerza lo aprendido en clase y ofrece una retroalimentaci&#xF3;n inmediata, adapt&#xE1;ndose a los ritmos de aprendizaje modernos y digitales.
Finalmente, el objetivo global es consolidar el nivel B1 (Intermedio) seg&#xFA;n el Marco Com&#xFA;n Europeo de Referencia. Al terminar este nivel, el alumno debe ser capaz de desenvolverse en la mayor&#xED;a de las situaciones que surgen al viajar, describir experiencias y deseos, y justificar brevemente sus opiniones, sentando las bases s&#xF3;lidas para avanzar hacia niveles superiores de fluidez.</subfield>
  </datafield>
  <datafield tag="650" ind1=" " ind2=" ">
    <subfield code="a"> The Way We Are</subfield>
    <subfield code="v">Experiences</subfield>
    <subfield code="x"> Wonders of the World</subfield>
  </datafield>
  <datafield tag="700" ind1=" " ind2=" ">
    <subfield code="a">Michael McCarthy</subfield>
  </datafield>
  <datafield tag="942" ind1=" " ind2=" ">
    <subfield code="2">ddc</subfield>
    <subfield code="c">BKA</subfield>
    <subfield code="n">0</subfield>
  </datafield>
  <datafield tag="952" ind1=" " ind2=" ">
    <subfield code="0">0</subfield>
    <subfield code="1">0</subfield>
    <subfield code="2">ddc</subfield>
    <subfield code="4">0</subfield>
    <subfield code="7">0</subfield>
    <subfield code="8">F02</subfield>
    <subfield code="a">ISUS</subfield>
    <subfield code="b">ISUS</subfield>
    <subfield code="c">Biblioteca Abierta</subfield>
    <subfield code="d">2026-04-13</subfield>
    <subfield code="e">IDIOMAS </subfield>
    <subfield code="f">0494</subfield>
    <subfield code="i">0494</subfield>
    <subfield code="l">0</subfield>
    <subfield code="o">INGLES </subfield>
    <subfield code="p">IDIOMA0494</subfield>
    <subfield code="r">2026-04-13 11:25:53</subfield>
    <subfield code="t">1</subfield>
    <subfield code="w">2026-04-13</subfield>
    <subfield code="y">BKA</subfield>
  </datafield>
  <datafield tag="999" ind1=" " ind2=" ">
    <subfield code="c">2070</subfield>
    <subfield code="d">2070</subfield>
  </datafield>
</record>
